Constitutional Law of India 59th Ed (Record no. 19394)

MARC details
000 -LEADER
fixed length control field 00391nam a2200157Ia 4500
008 - FIXED-LENGTH DATA ELEMENTS--GENERAL INFORMATION
fixed length control field 221220s9999 xx 000 0 und d
020 ## - INTERNATIONAL STANDARD BOOK NUMBER
ISBN 93-92140-15-0
041 ## - LANGUAGE CODE
Language code of text/sound track or separate title
100 ## - MAIN ENTRY--AUTHOR NAME
Personal name J. N. Pandey
245 #0 - TITLE STATEMENT
Title Constitutional Law of India 59th Ed
Statement of responsibility, etc by J. N. Pandey
250 ## - EDITION STATEMENT
Edition statement 59th
260 ## - PUBLICATION, DISTRIBUTION, ETC. (IMPRINT)
Name of publisher CLA
Place of publication Allahabad
Year of publication 2022
300 ## - PHYSICAL DESCRIPTION
Number of Pages 918
650 ## - SUBJECT ADDED ENTRY--TOPICAL TERM
Topical Term Constitution
942 ## - ADDED ENTRY ELEMENTS (KOHA)
Source of classification or shelving scheme
Koha item type Books
Holdings
Accession Number Cost, normal purchase price Bill Date Source of acquisition Price effective from Koha item type Withdrawn / writtenoff status Materials specified (bound volume or other part) Damaged status Not for loan Permanent Location Current Location Shelving location Date acquired Lost/ Missing status department
LLB 382 750.00 83 ABD, Jammu 12/20/2022 Books   Print   Not For Loan MIET Library, Jammu MIET Library, Jammu 180/3     BBA LLB
LLB 383 750.00 83 ABD, Jammu 12/20/2022 Books   Print     MIET Library, Jammu MIET Library, Jammu BL-, FL-, CUP-0, SH-0, R-0     BBA LLB